Statistiques concernant Effectif détaillé de l'Olympique Lyonnais saison 2023-2024

Cliquez ici pour prendre le quiz!

Statistiques générales

  • Ce quiz a été pris 88 fois
    (78 depuis la dernière actualisation)
  • Le résultat moyen est 20 sur 27

Statistiques - réponses

NationalitéAncien clubPosteNuméroRéponse% Correct
PortugalFormé à l'OLGardien1Anthony Lopes
100%
CroatieZénith Saint-PétersbourgDéfenseur5Dejan Lovren
87%
FranceBayern MunichMilieu8Corentin Tolisso
86%
FranceAl-RayyanCoachLaurent Blanc
86%
FranceArsenal FCAttaquant10Alexandre Lacazette
85%
FranceFormé à l'OLMilieu6Maxence Caqueret
85%
ArgentineAjax AmsterdamDéfenseur3Nicolas Tagliafico
83%
FranceFormé à l'OLMilieu18Rayan Cherki
83%
FranceSM CaenGardien17Remy Riou
83%
FranceSM CaenMilieu24Johann Lepenant
80%
Côte d'IvoireFormé à l'OLDéfenseur2Sinaly Diomande
79%
FranceLe Havre ACDéfenseur20Saël Kumbedi
77%
ZimbabweLe Havre ACAttaquant11Tino Kadewere
76%
AngolaClub Bruges KVDéfenseur22Clinton Mata
73%
SuèdeSC HeerenveenAttaquant7Amin Sarr
70%
CamerounVillarreal CFAttaquant75Karl Toko Ekambi
70%
FranceFormé à l'OLDéfenseur29Mamadou Sarr
70%
BrésilBotafogo FRAttaquant47Jeffinho
69%
AngleterreArsenal FCMilieu98Ainsley Maitland-Niles
68%
FranceFormé à l'OLAttaquant26Bradley Barcola
65%
FranceAngers SCOMilieu77Jeff Reine-Adelaide
65%
BrésilVasco de GamaDéfenseur21Henrique
63%
FranceFC Sochaux-MontbelliardMilieu80Skelly Alvero
63%
FranceFormé à l'OLMilieu84Mohamed El Arouch
58%
MaliLOSC LilleDéfenseurYoussouf Koné
52%
CroatieSouthampton FCDéfenseur55Duje Caleta-Car
51%
FranceFormé à l'OLGardien16Mathieu Patouillet
45%

Distribution des résultats

Percentile par nombre de réponses

% des personnes avec chaque résultat

Votre développement - résultats

Vous n’avez pas pris ce quiz depuis la dernière actualisation